00781nam a2200193 a 450000100100000000500170001000800410002702000150006808200160008310000310009924501140013026000680024430000210031250400740033350400360040795201140044399900170055704000130057400003618220200930074932.0120110s1998 sp 000 0 spa d a847908359X axxxxbA367p1 aAlemany Bay, Carmen96222213aLa polémica del meridiano intelectual de hispanoamérica (1927) :bestudio y textos /cCarmen Alemany Bay. aEspaña :bPublicaciones de la Universidad de Alicante,c1998. a174 p. ;c24 cm. aIncluye referencias bibliográficas y notas al pie de las páginas. aBibliografía : p. [171] -174. 001050718MOaGRbGRcCTd2012-01-10iLF1l0oxxxx A367pp36182-10r2020-06-25w2020-06-25y1ZNo se presta c35673d35673 aDO-SdBNP